| 000 | 01250nam a2200313 i 4500 | ||
|---|---|---|---|
| 003 | EG-GICUC | ||
| 005 | 20260422101957.0 | ||
| 008 | 260422s1921 fr |||fr|||| 00| 0 fre d | ||
| 040 |
_aEG-GiCUC _bfre _cEG-GiCUC _dEG-GiCUC _eRda |
||
| 041 | _afre | ||
| 082 | 0 | 4 |
_221 _a343.5 _bTR . D |
| 092 | 0 | 4 | _221 |
| 099 | _aLaw1 10 343.5 TR . D 1921 | ||
| 100 | 1 |
_aTravers, Maurice _eAuteur |
|
| 245 | 1 | 3 |
_aLe droit pénal international et sa mise en oeuvre en temps de paix et en temps de guerre _nTome IV _cpar Maurice Travers. |
| 264 | 1 |
_aParis : _bLibrairie de la Société du Recueil Sirey, _c1921. |
|
| 300 |
_a766 page ; _c 24 cm. _billustration ; |
||
| 336 |
_2rda contenu _a texte |
||
| 337 |
_2rda medias _aOrdinateur |
||
| 338 |
_2 transporteur rda _a Ressource en ligne |
||
| 500 | _aMise en œuvre de la loi pénale. Actes à accomplis hors du territoire. Coopération internationale: remise de bulletins et easiers; mesures d'instruction; significations; extradition. | ||
| 504 | _aBibliography: pages 200-250. 240-220 | ||
| 546 | _aTexte en français | ||
| 650 | 1 | 4 |
_aDroit pénal international _2qrmak |
| 651 | 1 | _2qrmak | |
| 856 | 4 | 0 | _uhttps://fll.law.cu.edu.eg/fulltext/bks/B10-10577.pdf |
| 905 | _a161 | ||
| 942 |
_2ddc _cBK _e21 _n0 |
||
| 999 |
_c72791 _d72791 |
||